Statistiques concernant Culture Générale - Série 1535

Cliquez ici pour prendre le quiz!

Statistiques générales

  • Ce quiz a été pris 98 fois
  • Le résultat moyen est 5 sur 10

Statistiques - réponses

QuestionRéponse% Correct
Quel personnage de théâtre prononce la célèbre phrase : « Être ou ne pas être : c’est là la question » ?Hamlet
73%
A combien de bouteilles champenoises ordinaires correspond la contenance d'un mathusalem ?8
67%
Qui a assassiné le révolutionnaire Jean-Paul Marat dans sa baignoire ?Charlotte Corday
61%
Complétez le titre d'un album de Serge Gainsbourg : "L'homme à tête de...chou
61%
Par opposition à "a priori", quelle locution signifie : "En s'appuyant sur l'expérience" ?a posteriori
49%
Complétez ces mots de La Fontaine " Adieu, veau, vache, cochon, ...couvée
36%
Quel est le nom de la frégate sur laquelle embarqua le marquis de La Fayette pour rallier les insurgés d’Amérique en 1780 ?L'Hermione
35%
Dans quelle région de France est situé le plateau de Millevaches ?Limousin
30%
Comment appelle-t-on le résidu sirupeux de la cristallisation du sucre ?mélasse
22%
Plus on le cherche moins on le trouve. Qui est-ce?le temps
17%

Distribution des résultats

Percentile par nombre de réponses

% des personnes avec chaque résultat

Votre développement - résultats

Vous n’avez pas pris ce quiz